000 00325 a2200157 4500
001 185222
020 _a85-7503-130-9
040 _cMagnum
100 _aLalau
240 1 0 _aNovos brasileirinhos
_lpor
245 1 0 _aNovos brasileirinhos
300 _a36
362 0 _a2002
697 _aLITERATURA INFANTIL
942 _cBK
999 _c185222
_d185222